000 00580nam a22001937a 4500
005 20251108171819.0
008 250721s1985 xx 000 0 ara d
082 1 4 _aط/211.2/أحم
100 1 _aالعجوز، أحمد محي الدين
245 1 0 _aالنهج الجديد في فن التجويد /
250 _aط10
264 1 _aبيروت :
_bمكتبة المعارف،
_c1985.
300 _a47ص
650 1 7 _aالقرآن الكريم
650 1 7 _aالتجويد
700 1 _aالغزال، محمد محي الدين
942 _2ddc
_cBK
999 _c63238
_d63238